000 00843nam a2200265Ia 4500
003 OSt
005 20221006153738.0
006 a|||||r|||| 00| 0
007 ta
008 221006b |||||||| |||| 00| 0 chi d
020 _a9787227032816
_cYu 35.00
024 _a33,213
037 _bgift, Ravni Thakur
_cAnnuals, Advances
040 _aEASL
_cEASL
_bchi
041 _2chi
_achi
082 _aV41:192.P05, P6
100 _aJIE LUN (Jairam Ramesh) Lan Mishi
_9665233
245 0 _aLi Jie CHINDIA = Making sense of Chindia
_b Reflections on China and India
260 _aNing
_bXia Ning Xia Ren min chu ban
_c2006
300 _a180p.
_ccm.
490 _v CL
650 _aCL
_9642733
942 _hV41:192.P05, P6
_cREF
_2CC
999 _c1101299
_d1101299